| 000 | 00000nam 2200000zi 4500 |
| 001 | 9.867825 |
| 003 | CaOODSP |
| 005 | 20221107162421 |
| 006 | m o d f |
| 007 | cr ||||||||||| |
| 008 | 190131s2019 onc #ol|||f|0| 0|fre d |
| 040 | |aCaOODSP|bfre|erda|cCaOODSP |
| 041 | |afre|aeng |
| 043 | |an-cn--- |
| 086 | 1 |aXB421-425/1-PDF |
| 110 | 1 |aCanada. |bParlement. |bChambre des communes. |
| 245 | 13|aAn Act to establish Post-Traumatic Stress Disorder Awareness Day = |bLoi instituant la Journée de sensibilisation au trouble de stress post-traumatique. |
| 246 | 31|aLoi instituant la Journée de sensibilisation au trouble de stress post-traumatique |
| 246 | 11|iTitre abrégé : |aLoi sur la Journée de sensibilisation au trouble de stress post-traumatique |
| 264 | 1|a[Ottawa, Ontario] : |bHouse of Commons of Canada = Chambre des communes du Canada, |c2019. |
| 300 | |a1 ressource en ligne (ii, 1 pages) |
| 336 | |atexte|btxt|2rdacontent/fre |
| 337 | |ainformatique|bc|2rdamedia/fre |
| 338 | |aresource en ligne|bcr|2rdacarrier/fre |
| 490 | 1 |aProjet de loi C- ... ; |vProjet de loi C-425, 1re session, 42e législature |
| 500 | |aTitre de la couverture. |
| 500 | |a« Première lecture le 30 janvier 2019. » |
| 520 | |a« Le texte désigne le 27 juin comme «Journée de sensibilisation au trouble de stress post-traumatique» »--Sommaire, p. ii. |
| 546 | |aTexte en français et en anglais. |
| 692 | 07|2gccst|aLégislation |
| 692 | 07|2gccst|aSanté mentale |
| 791 | |tAn Act to establish Post-Traumatic Stress Disorder Awareness Day = |eeng|w(CaOODSP)9.867823 |
| 830 | #0|aProjet de loi C-...|vProjet de loi C-425, 1re session, 42e legislature.|w(CaOODSP)9.500660 |
| 856 | 40|qPDF|s151 Ko|uhttps://publications.gc.ca/collections/collection_2019/parl/XB421-425-1.pdf |